| 000 | 00693cam a2200253 4500 | ||
|---|---|---|---|
| 008 | 090401t1981 xxu||||| |||| 00| 0 eng d | ||
| 020 | _a011725083X | ||
| 035 | _a(Sirsi) u44325 | ||
| 041 | _aeng | ||
| 050 | _a690 | ||
| 110 | _aBuilding Research Establishment | ||
| 245 | _aConcrete in sulphate-bearing soils and groundwaters. | ||
| 260 |
_aGarston, Watford _bBuilding Research Establishment _c1981 |
||
| 300 | _a4p. ; 30cm. | ||
| 350 | _a0.5 | ||
| 490 |
_aBRE Digest _v250 |
||
| 650 | _aCEMENT | ||
| 650 | _aSULPHATE ATTACK | ||
| 650 | _aSULPHATE-BEARING SOILS | ||
| 650 | _aSULPHATES | ||
| 690 | _aBUILT ENVIRONMENT-BUILDING PATHOLOGY | ||
| 942 | _n0 | ||
| 948 | _c04/03/1997 | ||
| 999 |
_c91489 _d91489 |
||